[Event "TE.2005.S.02002"]
[Site "IECG"]
[Date "2007.12.08"]
[Round "?"]
[White "Ottenweller, Wolfgang"]
[Black "Abbey, William"]
[Result "0-1"]
[WhiteElo "1768"]
[BlackElo "1571"]
[PlyCount "90"]
[EventDate "2007.12.08"]
[EventType "tourn (corr)"]
[SourceTitle "OM Corr 202003"]
[Source "Opening Master"]
[SourceDate "2019.05.30"]
[SourceVersion "2"]
[SourceVersionDate "2019.05.30"]
[SourceQuality "1"]

1. e4 e5 2. Nf3 Nc6 3. c3 Nf6 4. d4 Nxe4 5. d5 Ne7 6. Nxe5 Ng6 7. Nxg6 hxg6 8.
Qe2 Qe7 9. Bf4 d6 10. Nd2 Nf6 11. c4 Bd7 12. O-O-O O-O-O 13. h3 Ng4 14. Qxe7
Bxe7 15. Ne4 Rde8 16. f3 Bd8 17. Bd3 Ne5 18. Bxe5 Rxe5 19. f4 Reh5 20. Rde1 f5
21. Ng3 Rh4 22. Rhf1 Bf6 23. b3 c6 24. Kd2 Kb8 25. dxc6 Bxc6 26. Re2 Rc8 27. b4
b5 28. cxb5 Bd5 29. Kd1 Rc3 30. Kd2 Ra3 31. Ke3 Bc4 32. Rd2 Rh8 33. Rf3 Bd5 34.
Ne2 Bh4 35. Rc2 Bxf3 36. gxf3 Be1 37. Nc1 Rxh3 38. Nb3 Bxb4 39. Rc4 Be1 40. Rc2
Bg3 41. Bc4 Rh2 42. Rxh2 Bxh2 43. Bf7 Rxa2 44. Bxg6 Ra3 45. Bf7 Kc7 0-1

[Event "TE.2005.S.02005"]
[Site "IECG"]
[Date "2007.12.08"]
[Round "?"]
[White "Korchut, Adam"]
[Black "Buczinski, Henryk"]
[Result "1/2-1/2"]
[WhiteElo "2157"]
[BlackElo "2147"]
[PlyCount "111"]
[EventDate "2007.12.08"]
[EventType "tourn (corr)"]
[SourceTitle "OM Corr 202003"]
[Source "Opening Master"]
[SourceDate "2019.05.30"]
[SourceVersion "2"]
[SourceVersionDate "2019.05.30"]
[SourceQuality "1"]

1. e4 e5 2. Nf3 Nc6 3. c3 Nf6 4. d4 d6 5. Bd3 Be7 6. d5 Nb8 7. O-O Nbd7 8. c4
c6 9. Nc3 O-O 10. h3 Nc5 11. Bc2 cxd5 12. exd5 Qb6 13. Rb1 a5 14. Be3 Bd7 15.
a3 Qc7 16. b4 Na6 17. Bd3 axb4 18. axb4 Qc8 19. Re1 b5 20. Nxb5 Bxb5 21. cxb5
Nc7 22. Rc1 Qb7 23. Ng5 Nxb5 24. Rc6 Bd8 25. Qe2 Rb8 26. Qa2 h6 27. Ne4 Nxe4
28. Bxe4 Nd4 29. Bxd4 exd4 30. Rc4 Bf6 31. Qe2 Rfe8 32. Qf3 Rbc8 33. Rxc8 Qxc8
34. b5 Qc3 35. Bh7+ Kf8 36. Rxe8+ Kxe8 37. Bd3 Kd8 38. Qd1 Kc7 39. g3 Kb6 40.
Qb1 Be5 41. Kf1 Qd2 42. Kg2 g6 43. Qb3 Qc3 44. Qb1 g5 45. Kg1 h5 46. Kf1 f5 47.
Bxf5 Qc4+ 48. Bd3 Qxd5 49. Kg1 Qf3 50. Bf1 h4 51. gxh4 Qf4 52. Bg2 gxh4 53. Qc2
Kxb5 54. Qc6+ Ka5 55. Qc7+ Ka4 56. Qc4+ 1/2-1/2

[Event "TE.2005.S.02004"]
[Site "IECG"]
[Date "2007.12.08"]
[Round "?"]
[White "Mikhailukov, Ivan"]
[Black "Zielinski, Sergej"]
[Result "1/2-1/2"]
[WhiteElo "1925"]
[BlackElo "2242"]
[PlyCount "80"]
[EventDate "2007.12.08"]
[EventType "tourn (corr)"]
[SourceTitle "OM Corr 202003"]
[Source "Opening Master"]
[SourceDate "2019.05.30"]
[SourceVersion "2"]
[SourceVersionDate "2019.05.30"]
[SourceQuality "1"]

1. e4 e5 2. Nf3 Nc6 3. c3 Nf6 4. d4 Nxe4 5. d5 Ne7 6. Nxe5 Ng6 7. Qd4 Qf6 8.
Qxe4 Qxe5 9. Qxe5+ Nxe5 10. Bf4 d6 11. Nd2 Be7 12. O-O-O O-O 13. Re1 Ng6 14.
Be3 Bf5 15. g3 Ne5 16. f4 Nd7 17. h3 Rfe8 18. Bf2 h5 19. Be2 Nf6 20. Bf3 Bf8
21. Bd4 Rxe1+ 22. Rxe1 Bxh3 23. Bxf6 gxf6 24. Bxh5 Bd7 25. Nf3 Kg7 26. Kd2 c6
27. b3 a5 28. a4 Rc8 29. g4 cxd5 30. Nd4 Kg8 31. Kc2 b6 32. Re3 Rc7 33. Rh3 Rc5
34. Rh1 Bg7 35. f5 Rc8 36. Kd3 Re8 37. Rh3 Re5 38. Rh1 Re4 39. Rh2 Bf8 40. Rh1
Bc8 1/2-1/2

[Event "TE.2005.S.02004"]
[Site "IECG"]
[Date "2007.12.08"]
[Round "?"]
[White "Geiger, Walter"]
[Black "Mikhailukov, Ivan"]
[Result "0-1"]
[WhiteElo "2149"]
[BlackElo "1925"]
[PlyCount "96"]
[EventDate "2007.12.08"]
[EventType "tourn (corr)"]
[SourceTitle "OM Corr 202003"]
[Source "Opening Master"]
[SourceDate "2019.05.30"]
[SourceVersion "2"]
[SourceVersionDate "2019.05.30"]
[SourceQuality "1"]

1. e4 e5 2. Nf3 Nc6 3. c3 d5 4. Qa4 Qd6 5. exd5 Qxd5 6. d4 Bd7 7. Qc4 Qxc4 8.
Bxc4 exd4 9. cxd4 Nb4 10. Na3 f6 11. Bd2 O-O-O 12. O-O Bg4 13. Rfe1 Nd5 14. Nb5
a6 15. Na7+ Kb8 16. Bxd5 Kxa7 17. Be4 Ne7 18. Rac1 c6 19. h3 Bh5 20. Ba5 Rd7
21. Bb4 Nd5 22. Bxf8 Rxf8 23. Bxd5 Rxd5 24. g4 Bg6 25. Re7 Rf7 26. Rce1 Rb5 27.
b3 Rxe7 28. Rxe7 Bb1 29. a3 g5 30. b4 a5 31. Re6 axb4 32. axb4 Kb6 33. Rxf6 Be4
34. Ne5 Rxb4 35. f3 Bd5 36. Rf5 Rxd4 37. Rxg5 c5 38. Kf2 c4 39. Ke3 Rd1 40. Ke2
Rb1 41. Rf5 Kc5 42. Nd7+ Kd4 43. Rf4+ Kc3 44. h4 Rb5 45. Nf6 Bc6 46. g5 Re5+
47. Kf1 Kd3 48. Ng4 Re7 0-1

[Event "TE.2005.S.02005"]
[Site "IECG"]
[Date "2007.12.08"]
[Round "?"]
[White "Law, Steve"]
[Black "Gonzalez, Alejandro Raul"]
[Result "0-1"]
[WhiteElo "1720"]
[BlackElo "1888"]
[PlyCount "36"]
[EventDate "2007.12.08"]
[EventType "tourn (corr)"]

1. e4 e5 2. Nf3 Nc6 3. c3 d5 4. Bb5 dxe4 5. Nxe5 Qd5 6. Qa4 Nge7 7. f4 Bd7 8.
Nxd7 Kxd7 9. O-O a6 10. Be2 f5 11. d3 exd3 12. Bxd3 Rd8 13. Be2 Kc8 14. Be3 Qe6
15. Kf2 Nd5 16. Bd2 Bc5+ 17. Kf3 Ne3 18. Re1 Qd5+ 0-1

[Event "TE.2005.S.02005"]
[Site "IECG"]
[Date "2007.12.08"]
[Round "?"]
[White "Gonzalez, Alejandro Raul"]
[Black "Law, Steve"]
[Result "1-0"]
[WhiteElo "1888"]
[BlackElo "1720"]
[PlyCount "49"]
[EventDate "2007.12.08"]
[EventType "tourn (corr)"]

1. e4 e5 2. Nf3 Nc6 3. c3 d5 4. Bb5 dxe4 5. Nxe5 Qd5 6. Qa4 Nge7 7. f4 Bd7 8.
Nxd7 Kxd7 9. Bc4 Qh5 10. Be2 Qh4+ 11. g3 Qh3 12. Qxe4 Re8 13. Kd1 Kc8 14. Bc4
f5 15. Qf3 g6 16. d4 Bg7 17. Be3 Kb8 18. Kc2 Nd8 19. Nd2 Nc8 20. Rae1 Nd6 21.
Bf1 Qh6 22. Nc4 Ne4 23. Ne5 Nd6 24. h4 Bf6 25. Nd7+ 1-0

[Event "TE.2005.S.02005"]
[Site "IECG"]
[Date "2007.12.08"]
[Round "?"]
[White "Korchut, Adam"]
[Black "Gonzalez, Alejandro Raul"]
[Result "1/2-1/2"]
[WhiteElo "2157"]
[BlackElo "1888"]
[PlyCount "86"]
[EventDate "2007.12.08"]
[EventType "tourn (corr)"]

1. e4 e5 2. Nf3 Nc6 3. c3 d5 4. Bb5 dxe4 5. Nxe5 Qd5 6. Bxc6+ bxc6 7. d4 exd3
8. O-O Bd6 9. Re1 Bxe5 10. f4 f6 11. fxe5 Kf7 12. Qh5+ g6 13. Qh4 Bf5 14. c4
Qc5+ 15. Be3 Qxe5 16. Nc3 Rd8 17. Bxa7 Qa5 18. Be3 Qb4 19. Qf2 Qxc4 20. a4 Ne7
21. a5 Nd5 22. Nxd5 Rxd5 23. a6 Qb4 24. a7 Ra8 25. h3 c5 26. Rf1 h5 27. Rfc1 d2
28. Rd1 Qxb2 29. Ra5 Qc3 30. Ra2 Be6 31. Rdxd2 Re5 32. Bf4 Bxa2 33. Bxe5 Qxe5
34. Rxa2 c4 35. Kh1 Qb5 36. Ra1 Qb6 37. Qd2 Kg7 38. Qd7+ Kh6 39. Qd2+ g5 40.
Qc3 Kg7 41. Qe1 Qd4 42. Rd1 Qxa7 43. Qe7+ Kg6 1/2-1/2

[Event "TE.2005.S.02005"]
[Site "IECG"]
[Date "2007.12.08"]
[Round "?"]
[White "Gonzalez, Alejandro Raul"]
[Black "Korchut, Adam"]
[Result "1/2-1/2"]
[WhiteElo "1888"]
[BlackElo "2157"]
[PlyCount "113"]
[EventDate "2007.12.08"]
[EventType "tourn (corr)"]

1. e4 e5 2. Nf3 Nc6 3. c3 d5 4. Qa4 Qd6 5. exd5 Qxd5 6. d4 exd4 7. cxd4 Bd7 8.
Nc3 Bb4 9. Bd2 Qe6+ 10. Be2 Ne5 11. Qb3 Nxf3+ 12. gxf3 Qxb3 13. axb3 a6 14. Rg1
g6 15. O-O-O Ne7 16. Bg5 c6 17. Ne4 Nd5 18. Bc4 Be6 19. Nc5 b6 20. Nxe6 fxe6
21. Bd3 Kd7 22. h4 Bd6 23. Be3 Be7 24. Rh1 Raf8 25. Be4 a5 26. Kd2 Nf6 27. Rc1
Rc8 28. Bd3 Rhf8 29. Ba6 Rc7 30. Bd3 Rf7 31. Ke2 Bd6 32. Rc2 Nd5 33. h5 gxh5
34. Rxh5 Nb4 35. Rc1 Nxd3 36. Kxd3 Rc8 37. Rg1 Rh8 38. Ke4 Be7 39. Bd2 Bd6 40.
Be3 Bf8 41. Bf4 Bg7 42. Bd2 Kc8 43. Be3 Rd7 44. Rc1 Kb7 45. Rg1 h6 46. Rg6 Re8
47. Rg1 Ree7 48. Rg6 Rd5 49. Rxd5 exd5+ 50. Kf5 b5 51. Rg1 Kb6 52. f4 c5 53.
dxc5+ Kc7 54. Ra1 Bxb2 55. Rxa5 d4 56. Ra7+ Kd8 57. Ra8+ 1/2-1/2

[Event "TE.2005.S.02005"]
[Site "IECG"]
[Date "2007.12.08"]
[Round "?"]
[White "Buczinski, Henryk"]
[Black "Gonzalez, Alejandro Raul"]
[Result "1/2-1/2"]
[WhiteElo "2147"]
[BlackElo "1888"]
[PlyCount "114"]
[EventDate "2007.12.08"]
[EventType "tourn (corr)"]

1. e4 e5 2. Nf3 Nc6 3. c3 d5 4. Qa4 Nf6 5. Nxe5 Bd6 6. Nxc6 bxc6 7. d3 O-O 8.
Be2 Re8 9. Nd2 Bd7 10. Qc2 Qe7 11. O-O Rab8 12. Re1 h5 13. b3 h4 14. h3 Rbd8
15. Nf3 dxe4 16. dxe4 Qxe4 17. Bd3 Qxe1+ 18. Nxe1 Rxe1+ 19. Bf1 Rde8 20. b4 Nd5
21. Bb2 Rxa1 22. Bxa1 Re1 23. c4 Rxa1 24. cxd5 cxd5 25. Qb2 Rd1 26. Qb3 Rd2 27.
Qa3 Bf8 28. Qc1 Rxa2 29. Qxc7 Be6 30. Qd8 Ra4 31. Qxh4 Rxb4 32. g4 Rb2 33. Bd3
g6 34. Qg5 Bg7 35. f4 Rb3 36. f5 gxf5 37. Qd8+ Kh7 38. Bxf5+ Bxf5 39. gxf5 f6
40. Qxd5 Rxh3 41. Qa5 Rg3+ 42. Kf2 Rg5 43. Kf3 Bh6 44. Qxa7+ Rg7 45. Qa4 Bg5
46. Qe8 Bd2 47. Qe4 Bg5 48. Qb4 Rf7 49. Ke4 Kh6 50. Qd6 Rb7 51. Kd5 Rb5+ 52.
Ke6 Re5+ 53. Kf7 Kh5 54. Qd1+ Kh4 55. Qf3 Re3 56. Qf1 Kg4 57. Kg6 Re4 1/2-1/2

[Event "TE.2005.S.02005"]
[Site "IECG"]
[Date "2007.12.08"]
[Round "?"]
[White "Gonzalez, Alejandro Raul"]
[Black "Buczinski, Henryk"]
[Result "1/2-1/2"]
[WhiteElo "1888"]
[BlackElo "2147"]
[PlyCount "121"]
[EventDate "2007.12.08"]
[EventType "tourn (corr)"]

1. e4 e5 2. Nf3 Nc6 3. c3 d5 4. Qa4 dxe4 5. Nxe5 Bd6 6. Nxc6 bxc6 7. Qxc6+ Bd7
8. Qxe4+ Ne7 9. Bc4 Bc6 10. Qg4 Ng6 11. d4 Qe7+ 12. Kf1 Kf8 13. Bg5 f6 14. Be3
h5 15. Qe6 Rb8 16. Qxe7+ Nxe7 17. f3 h4 18. b3 h3 19. Nd2 hxg2+ 20. Kxg2 Re8
21. Bf2 Nf5 22. d5 Bxd5 23. Bxd5 Re2 24. Nc4 Bc5 25. Rhf1 Rh5 26. Be4 Rg5+ 27.
Kh1 Rxf2 28. Rxf2 Bxf2 29. f4 Rh5 30. Kg2 Bb6 31. Rd1 Ke7 32. Re1 Kd7 33. h3 c6
34. Rd1+ Kc7 35. Bxf5 Rxf5 36. Kg3 Bc5 37. Kg4 g6 38. b4 Bf8 39. a3 Rh5 40. Rd3
Be7 41. Kg3 Bf8 42. a4 Be7 43. Re3 Kd7 44. Kg2 Rf5 45. Kf3 g5 46. Re4 gxf4 47.
Rxf4 Rh5 48. Kg2 f5 49. Rf3 Bf6 50. Rd3+ Kc7 51. Kg3 Rh4 52. Nd6 f4+ 53. Kg2
Rh8 54. Ne4 Be7 55. Rf3 Rf8 56. Nf2 Kb6 57. Nd3 a5 58. Ne5 Rg8+ 59. Kf1 axb4
60. cxb4 Ra8 61. Nc4+ 1/2-1/2

[Event "TE.2005.S.02001"]
[Site "IECG"]
[Date "2007.12.08"]
[Round "?"]
[White "Reede, Arvo"]
[Black "Candelario, Jose"]
[Result "0-1"]
[WhiteElo "1087"]
[BlackElo "1360"]
[PlyCount "48"]
[EventDate "2007.??.??"]

1. e4 e5 2. Nf3 Nc6 3. c3 d5 4. Qa4 Bd7 5. exd5 Nd4 6. Qd1 Nxf3+ 7. Qxf3 Nf6 8.
Bc4 Bd6 9. d3 b5 10. Bb3 Bg4 11. Qg3 e4 12. Qe3 O-O 13. h3 Bf5 14. d4 a5 15. a4
bxa4 16. Rxa4 Qb8 17. Nd2 c6 18. dxc6 Bf4 19. c7 Qxc7 20. Qe2 e3 21. fxe3 Bxe3
22. Kd1 Rfe8 23. Qf3 Bd7 24. Qf5 Bxf5 0-1

[Event "TE.2005.S.02001"]
[Site "IECG"]
[Date "2007.12.08"]
[Round "?"]
[White "Secrieru, Ioan"]
[Black "Reede, Arvo"]
[Result "1-0"]
[WhiteElo "1777"]
[BlackElo "1087"]
[PlyCount "63"]
[EventDate "2007.??.??"]

1. e4 e5 2. Nf3 Nc6 3. c3 d5 4. Qa4 f6 5. Bb5 Nge7 6. exd5 Qxd5 7. O-O h6 8. d4
Bg4 9. c4 Qd8 10. Bxc6+ bxc6 11. Nbd2 Bxf3 12. Nxf3 e4 13. Nd2 Qxd4 14. Nb3 Qe5
15. f3 exf3 16. Rxf3 Kf7 17. Bf4 Qxb2 18. Re1 Qc1 19. Bxc7 Rc8 20. Rf2 Qc3 21.
Ba5 Qd3 22. Nc5 Qd4 23. Ne6 Qd7 24. Rd2 Qxe6 25. Rxe6 Kxe6 26. c5 Rb8 27. Rd6+
Kf7 28. Qc4+ Kg6 29. Qe4+ Kf7 30. Rd7 Kg8 31. Rxe7 Bxe7 32. Qxe7 1-0

[Event "TE.2005.S.02005"]
[Site "IECG"]
[Date "2007.12.08"]
[Round "?"]
[White "Gomez Galan Arense, Joaquin"]
[Black "Korchut, Adam"]
[Result "0-1"]
[WhiteElo "1898"]
[BlackElo "2157"]
[PlyCount "44"]
[EventDate "2007.12.08"]
[EventType "tourn (corr)"]
[SourceTitle "OM Corr 202003"]
[Source "Opening Master"]
[SourceDate "2019.05.30"]
[SourceVersion "2"]
[SourceVersionDate "2019.05.30"]
[SourceQuality "1"]

1. e4 e5 2. Nf3 Nc6 3. c3 d5 4. Qa4 Qd6 5. d4 exd4 6. Nxd4 Nf6 7. exd5 Qxd5 8.
Be3 Bd7 9. Nb5 Rc8 10. Qf4 Ne5 11. N1a3 a6 12. Rd1 Qe4 13. Qxe4 Nxe4 14. f3
axb5 15. fxe4 Bxa3 16. bxa3 Bc6 17. Bf4 f6 18. Bxe5 fxe5 19. Rb1 O-O 20. Rb4
Ra8 21. Bxb5 Bxb5 22. Rxb5 Rxa3 0-1

[Event "TE.2005.S.02005"]
[Site "IECG"]
[Date "2007.12.08"]
[Round "?"]
[White "Buczinski, Henryk"]
[Black "Korchut, Adam"]
[Result "1/2-1/2"]
[WhiteElo "2147"]
[BlackElo "2157"]
[PlyCount "113"]
[EventDate "2007.12.08"]
[EventType "tourn (corr)"]
[SourceTitle "OM Corr 202003"]
[Source "Opening Master"]
[SourceDate "2019.05.30"]
[SourceVersion "2"]
[SourceVersionDate "2019.05.30"]
[SourceQuality "1"]

1. e4 e5 2. Nf3 Nc6 3. c3 d5 4. Qa4 Qd6 5. exd5 Qxd5 6. Bb5 Bd7 7. d4 a6 8. c4
Qe4+ 9. Be3 Rd8 10. Nbd2 axb5 11. cxb5 Qg6 12. bxc6 Bxc6 13. Qa5 exd4 14. Nxd4
Ne7 15. N2f3 Bxf3 16. gxf3 Nc6 17. Qb5 Be7 18. O-O-O O-O 19. Rhg1 Qf6 20. Nf5
Rxd1+ 21. Rxd1 Bd6 22. Nxd6 cxd6 23. a3 Rc8 24. Kb1 Rd8 25. Qd5 Rd7 26. Bd2
Qg6+ 27. Ka2 Ne7 28. Re1 h5 29. Qb3 Kh7 30. Bb4 Nc6 31. Qd5 Nxb4+ 32. axb4 Rc7
33. h4 f6 34. Re6 Qf7 35. Qe4+ g6 36. Kb1 d5 37. Qxd5 Rc6 38. Rd6 Qxd5 39. Rxd5
Kh6 40. b5 Re6 41. f4 Re4 42. Rd7 Rxf4 43. Rxb7 Rxh4 44. b6 Re4 45. Kc2 h4 46.
Kc3 g5 47. Ra7 Re6 48. Ra6 Re7 49. Kc4 h3 50. Kb5 Kh5 51. Ra1 Kg4 52. Rh1 Rh7
53. Ka6 Kf3 54. b7 Rxb7 55. Rxh3+ Kg2 56. Kxb7 Kxh3 57. b4 1/2-1/2

[Event "TE.2005.S.02001"]
[Site "IECG"]
[Date "2007.12.08"]
[Round "?"]
[White "Reede, Arvo"]
[Black "Secrieru, Ioan"]
[Result "0-1"]
[WhiteElo "1087"]
[BlackElo "1777"]
[PlyCount "56"]
[EventDate "2007.??.??"]

1. e4 e5 2. Nf3 Nc6 3. c3 d5 4. Qa4 f6 5. Bd3 Nge7 6. exd5 Nxd5 7. Be4 Be6 8.
d4 f5 9. Bxd5 Qxd5 10. dxe5 Qd3 11. Be3 Rd8 12. Nbd2 Rd5 13. Qc4 Qxc4 14. Nxc4
h6 15. Ncd2 g5 16. h3 Nxe5 17. Nxe5 Rxe5 18. O-O Rh7 19. Nf3 Ra5 20. Rfe1 Re7
21. b4 Rxa2 22. Rxa2 Bxa2 23. Ra1 f4 24. Nd4 Bd5 25. Bd2 a6 26. Nf5 Re2 27. Be3
fxe3 28. Nxe3 Be6 0-1

[Event "TE.2005.S.02005"]
[Site "IECG"]
[Date "2007.12.08"]
[Round "?"]
[White "Gonzalez, Alejandro Raul"]
[Black "Jordaan, Wayne"]
[Result "1-0"]
[WhiteElo "1888"]
[BlackElo "1713"]
[PlyCount "89"]
[EventDate "2007.12.08"]
[EventType "tourn (corr)"]

1. e4 e5 2. Nf3 Nc6 3. c3 Nf6 4. d4 Nxe4 5. d5 Ne7 6. Nxe5 Ng6 7. Nxg6 hxg6 8.
Bd3 Nc5 9. O-O Qh4 10. Re1+ Be7 11. h3 d6 12. Bf1 Nd7 13. Na3 a6 14. Qe2 Ne5
15. f4 Bxh3 16. gxh3 Qg3+ 17. Bg2 Nf3+ 18. Qxf3 Qxe1+ 19. Bf1 Qh4 20. Kg2 f5
21. Bd3 O-O-O 22. Nc2 Bf6 23. Be3 Rde8 24. Bf2 Qh7 25. Nd4 Re7 26. Ne6 Bh4 27.
Ba7 Qh6 28. a4 Rhe8 29. a5 Rf7 30. Rf1 Bf6 31. Bg1 Rh8 32. Qe3 Kd7 33. Bc2 Re7
34. Ba4+ c6 35. Rd1 g5 36. dxc6+ Kc8 37. fxg5 f4 38. cxb7+ Rxb7 39. Qf3 Rxb2+
40. Bf2 Qxh3+ 41. Qxh3 Rxh3 42. Kxh3 Be5 43. Bd4 Re2 44. Nxg7 Bxd4 45. Rxd4 1-0

[Event "TE.2005.S.02004"]
[Site "IECG"]
[Date "2007.12.08"]
[Round "?"]
[White "Zielinski, Sergej"]
[Black "Mikhailukov, Ivan"]
[Result "1/2-1/2"]
[WhiteElo "2242"]
[BlackElo "1925"]
[PlyCount "81"]
[EventDate "2007.12.08"]
[EventType "tourn (corr)"]
[SourceTitle "OM Corr 202003"]
[Source "Opening Master"]
[SourceDate "2019.05.30"]
[SourceVersion "2"]
[SourceVersionDate "2019.05.30"]
[SourceQuality "1"]

1. e4 e5 2. Nf3 Nc6 3. c3 d5 4. Qa4 Qd6 5. exd5 Qxd5 6. Bb5 Bd7 7. d3 Nge7 8.
O-O a6 9. Bc4 Nd4 10. cxd4 Bxa4 11. Bxd5 Nxd5 12. dxe5 Bb5 13. Rd1 O-O-O 14. d4
Bb4 15. Be3 Be2 16. Rc1 f6 17. a3 Ba5 18. b4 Bxf3 19. bxa5 Bh5 20. exf6 gxf6
21. Rc5 Rhg8 22. Nc3 Bf3 23. g3 Nxc3 24. Rxc3 Bc6 25. Rc5 Rd5 26. Rac1 Rg7 27.
Rxd5 Bxd5 28. Rc5 c6 29. Kf1 Kd7 30. Ke2 h5 31. h4 Rg8 32. Rc1 Rg7 33. Rg1 Bc4+
34. Kd2 Ke6 35. Bh6 Rh7 36. Kc3 Bd5 37. Re1+ Kf5 38. Bf4 Rd7 39. Re8 Bf7 40.
Rb8 Be6 41. Be3 1/2-1/2

[Event "TE.2005.S.02004"]
[Site "IECG"]
[Date "2007.12.08"]
[Round "?"]
[White "Baer, Werner"]
[Black "Zielinski, Sergej"]
[Result "0-1"]
[WhiteElo "1939"]
[BlackElo "2242"]
[PlyCount "106"]
[EventDate "2007.12.08"]
[EventType "tourn (corr)"]
[SourceTitle "OM Corr 202003"]
[Source "Opening Master"]
[SourceDate "2019.05.30"]
[SourceVersion "2"]
[SourceVersionDate "2019.05.30"]
[SourceQuality "1"]

1. e4 e5 2. Nf3 Nc6 3. c3 Nf6 4. d4 Nxe4 5. d5 Ne7 6. Nxe5 Ng6 7. Nxg6 hxg6 8.
Nd2 Nf6 9. Nf3 Bc5 10. Be2 O-O 11. O-O c6 12. Bg5 cxd5 13. a4 Re8 14. Qd2 b6
15. Bd3 Qc7 16. Bxf6 gxf6 17. Qh6 Bf8 18. Qh4 Bg7 19. Nd4 Bb7 20. Rfc1 f5 21.
Re1 Qd6 22. Nb5 Qc5 23. Red1 a5 24. Qg5 Rab8 25. Qd2 Rbc8 26. Rac1 Bc6 27. Rc2
Qf8 28. Qc1 Bf6 29. Qd2 Qe7 30. Qf4 Be5 31. Qh6 f4 32. Re2 Qf6 33. Red2 Re7 34.
Bf1 Bb8 35. Rd3 Re4 36. Rh3 Qg7 37. Qg5 Rxa4 38. Nd4 Be5 39. b3 Ra2 40. Re1
Bxd4 41. cxd4 Qxd4 42. Qh4 Qg7 43. Qxf4 Ra1 44. Rxa1 Qxa1 45. Qh6 Re8 46. Qh7+
Kf8 47. Qh6+ Qg7 48. Qf4 b5 49. Qd2 a4 50. bxa4 bxa4 51. Qf4 Kg8 52. Qc1 Qd4
53. Qb1 Qe5 0-1

[Event "TE.2005.S.02004"]
[Site "IECG"]
[Date "2007.12.08"]
[Round "?"]
[White "Zielinski, Sergej"]
[Black "Baer, Werner"]
[Result "1-0"]
[WhiteElo "2242"]
[BlackElo "1939"]
[PlyCount "111"]
[EventDate "2007.12.08"]
[EventType "tourn (corr)"]
[SourceTitle "OM Corr 202003"]
[Source "Opening Master"]
[SourceDate "2019.05.30"]
[SourceVersion "2"]
[SourceVersionDate "2019.05.30"]
[SourceQuality "1"]

1. e4 e5 2. Nf3 Nc6 3. c3 d5 4. Qa4 f6 5. Bb5 Nge7 6. exd5 Qxd5 7. O-O e4 8. c4
Qd7 9. Ne1 Qf5 10. Nc3 Bd7 11. f3 a6 12. fxe4 Qc5+ 13. Kh1 O-O-O 14. Bxc6 Nxc6
15. d3 Qh5 16. Qc2 Bc5 17. Bf4 g5 18. Bg3 f5 19. Nd5 Rhf8 20. Nf3 f4 21. Bf2
Bd6 22. c5 Be7 23. Qc3 g4 24. Ne5 g3 25. Bg1 gxh2 26. Nxe7+ Nxe7 27. Bxh2 Rf6
28. Nf3 Rdf8 29. Qe5 Qe8 30. Kg1 Re6 31. Qc3 Ng6 32. Rae1 Ref6 33. d4 Re6 34.
Qc2 Ref6 35. Rf2 Bg4 36. Ref1 Kb8 37. d5 h5 38. a4 h4 39. Ng5 Rg8 40. Qb3 Bc8
41. c6 b6 42. Kh1 Qe5 43. a5 b5 44. d6 Rgf8 45. Nh7 Qxd6 46. Nxf8 Rxf8 47. Qd5
Qb4 48. Qd2 Qxe4 49. Bxf4 Re8 50. Qc2 h3 51. Qxe4 Rxe4 52. Bg3 Rg4 53. Kh2 hxg2
54. Rxg2 Ne7 55. Rf7 Nxc6 56. Rgf2 1-0

[Event "TE.2005.S.02002"]
[Site "IECG"]
[Date "2007.12.08"]
[Round "?"]
[White "Ottenweller, Wolfgang"]
[Black "Pott, Brian"]
[Result "0-1"]
[WhiteElo "1768"]
[BlackElo "1941"]
[PlyCount "157"]
[EventDate "2007.12.08"]
[EventType "tourn (corr)"]
[SourceTitle "OM Corr 202003"]
[Source "Opening Master"]
[SourceDate "2019.05.30"]
[SourceVersion "2"]
[SourceVersionDate "2019.05.30"]
[SourceQuality "1"]

1. e4 e5 2. Nf3 Nc6 3. c3 Nf6 4. d4 d6 5. Bb5 Bd7 6. d5 Ne7 7. Bd3 g6 8. c4 Bg7
9. Nc3 O-O 10. O-O Nh5 11. h3 f5 12. exf5 Nxf5 13. Bxf5 gxf5 14. Nxe5 Bxe5 15.
Qxh5 Kh8 16. Re1 Rg8 17. f4 Bf6 18. Be3 Rg6 19. Re2 Qg8 20. Kh1 Qg7 21. Rae1
Rg8 22. Qf3 Rg3 23. Qf1 a6 24. a4 Qh6 25. a5 R8g4 26. Kh2 Rg8 27. Bd2 R8g4 28.
Bc1 Bd4 29. Rd1 Bc5 30. Bd2 Kg8 31. Be1 Rxf4 32. Bxg3 Rxf1 33. Rxf1 Qg7 34. Rf3
Bd4 35. Bf4 Kf7 36. Rg3 Qh8 37. Nd1 h5 38. b3 Be5 39. Rf3 Bxf4+ 40. Rxf4 Qa1
41. Ne3 Qe5 42. g3 Kg6 43. Rf3 c6 44. Ref2 h4 45. Ng2 hxg3+ 46. Rxg3+ Kf7 47.
Nf4 cxd5 48. cxd5 Qe1 49. Rfg2 Qe5 50. Rf3 Qe1 51. Ra2 Kf6 52. Rg3 Qf1 53. Nh5+
Ke5 54. Rg7 Bb5 55. Rd2 Bd3 56. Rxb7 Qf3 57. Re7+ Kd4 58. Rg7 Qe3 59. Rgg2 f4
60. Rgf2 f3 61. Ng3 Kc3 62. Rb2 Kb4 63. Rbd2 Kxb3 64. Ra2 Kb4 65. Rfb2+ Kc4 66.
Rd2 Kc5 67. Rd1 Be2 68. Rc2+ Kb4 69. Rb1+ Ka3 70. h4 Bb5 71. Rcb2 Bc4 72. Rb8
Qc3 73. Kh3 f2 74. Kg2 Bxd5+ 75. Kh3 Bc4 76. Kg2 Qe1 77. R8b6 d5 78. h5 Bb5 79.
R1xb5 0-1

[Event "TE.2005.S.02005"]
[Site "IECG"]
[Date "2007.12.08"]
[Round "?"]
[White "Korchut, Adam"]
[Black "Law, Steve"]
[Result "1-0"]
[WhiteElo "2157"]
[BlackElo "1720"]
[PlyCount "25"]
[EventDate "2007.12.08"]
[EventType "tourn (corr)"]
[SourceTitle "OM Corr 202003"]
[Source "Opening Master"]
[SourceDate "2019.05.30"]
[SourceVersion "2"]
[SourceVersionDate "2019.05.30"]
[SourceQuality "1"]

1. e4 e5 2. Nf3 Nc6 3. c3 d5 4. Bb5 dxe4 5. Nxe5 Qg5 6. d4 Qxg2 7. Rf1 Bh3 8.
Qb3 O-O-O 9. Nxf7 Rxd4 10. cxd4 Bb4+ 11. Bd2 Nxd4 12. Qc4 Nf3+ 13. Kd1 1-0

[Event "TE.2005.S.02005"]
[Site "IECG"]
[Date "2007.12.08"]
[Round "?"]
[White "Law, Steve"]
[Black "Korchut, Adam"]
[Result "0-1"]
[WhiteElo "1720"]
[BlackElo "2157"]
[PlyCount "48"]
[EventDate "2007.12.08"]
[EventType "tourn (corr)"]
[SourceTitle "OM Corr 202003"]
[Source "Opening Master"]
[SourceDate "2019.05.30"]
[SourceVersion "2"]
[SourceVersionDate "2019.05.30"]
[SourceQuality "1"]

1. e4 e5 2. Nf3 Nc6 3. c3 d5 4. Bb5 f6 5. Qa4 Nge7 6. exd5 Qxd5 7. O-O Bd7 8.
d4 e4 9. Nfd2 O-O-O 10. Re1 a6 11. Bc4 Qh5 12. Qc2 f5 13. b4 Ng6 14. a4 Bd6 15.
g3 f4 16. b5 e3 17. Ne4 Na5 18. bxa6 Nxc4 19. Qb3 exf2+ 20. Nxf2 bxa6 21. Qxc4
fxg3 22. Qxa6+ Kb8 23. hxg3 Bxg3 24. Be3 Nf4 0-1

[Event "TE.2005.S.02001"]
[Site "IECG"]
[Date "2007.12.08"]
[Round "?"]
[White "Wheeler, James"]
[Black "Secrieru, Ioan"]
[Result "1/2-1/2"]
[WhiteElo "1988"]
[BlackElo "1777"]
[PlyCount "109"]
[EventDate "2007.??.??"]
[SourceTitle "OM Corr 202003"]
[Source "Opening Master"]
[SourceDate "2019.05.30"]
[SourceVersion "2"]
[SourceVersionDate "2019.05.30"]
[SourceQuality "1"]

1. e4 e5 2. Nf3 Nc6 3. c3 d5 4. Qa4 f6 5. Bb5 Nge7 6. exd5 Qxd5 7. d4 e4 8.
Nfd2 Qg5 9. Kf1 a6 10. Bxc6+ Nxc6 11. Qc2 Qb5+ 12. Ke1 f5 13. f3 Be7 14. fxe4
fxe4 15. Qxe4 O-O 16. Nf3 Bf5 17. a4 Qa5 18. Qe2 Rae8 19. Qc4+ Rf7 20. Kd1 Bg4
21. Nbd2 Qf5 22. Re1 Na5 23. Qe2 Qg6 24. b4 Nc6 25. b5 Nb8 26. Ba3 Nd7 27. h3
Bf5 28. Rc1 Bd3 29. Qe6 Nf6 30. Bxe7 Rexe7 31. Qc8+ Rf8 32. Qxb7 Ne4 33. Qd5+
Kh8 34. Nxe4 Rxe4 35. Qg5 Qe6 36. Kd2 Be2 37. d5 Qe8 38. Nd4 Bc4 39. Qg3 Bxd5
40. Rxe4 Bxe4 41. Re1 Qa8 42. Qe5 Bg6 43. Ne6 Rf6 44. Nf4 Bf7 45. Qxc7 axb5 46.
axb5 g5 47. Nd3 Qa2+ 48. Ke3 Qxg2 49. Qe5 Kg7 50. Kd4 h6 51. Re2 Qxh3 52. Rf2
Qd7+ 53. Ke3 Qa7+ 54. Nc5 Qb6 55. Qxf6+ 1/2-1/2